Normale Ansicht MARC-Ansicht ISBD

Stundenlanger Stau nach A12-Unglück. (Titelsatznr. 371103)

[ MARC ]
MARC-Details
000 -Satzkennung
Kontrollfeld mit fester Länge 00781nam a22001817a 4500
008 - Feld mit fester Länge zur physischen Beschreibung - Allgemeine Angaben
Kontrollfeld mit fester Länge 201127b ||||| |||| 00| 0 eng d
040 ## - Katalogisierungsquelle
Original-Katalogisierungsstelle DE-2950
Katalogisierungssprache ger
Übertragungsstelle DE-2950
Beschreibungsfestlegungen rda
041 ## - Sprachcode
Sprachcode des Textes/der Tonspur oder des separaten Titels ger
245 ## - Titel
Haupttitel Stundenlanger Stau nach A12-Unglück.
Titelzusatz Verkehr: Nach dem tödlichen LKW-Unfall am Mittwochabend hatten einige Autofahrer die Rettungsgasse blockiert. Aufräumarbeiten sorgten auch am Donnerstag noch für Stau bei Briesen /
Verantwortlichkeitsangabe Lisa Mahlke und Manja Wilde
264 ## - Veröffentlichungsangabe, Vertriebsangabe, Herstellungsangabe
Erscheinungs-, Vertriebs-, Herstellungsdatum 2021
653 ## - Lokales Schlagwort
Nicht-normierter Term Frankfurt (Oder)
653 ## - Lokales Schlagwort
Nicht-normierter Term Verkehrsunfall
773 ## - Übergeordnete Einheit
Ort, Verlag und Erscheinungsjahr Frankfurt (Oder) Märkisches Verlags- und Druckhaus GmbH & Co KG
Titel Märkische Oderzeitung
Verknüpfungsangaben 32. Jahrgang (2021) Nr. 265 vom 12.11.2021, S. 16
942 ## - Zusätzliche Felder (Koha)
Koha-Medientyp Aufsätze
Exemplare
Ausgeschieden Verloren Beschädigt Nicht entleihbar Permanenter Standort Aktueller Standort Aufstellungsort Eingabedatum Anzahl Ausleihen Signatur Letzte Aktivität Preis gültig von Medientyp
        Stadtarchiv Frankfurt (Oder) | Archivbibliothek Stadtarchiv Frankfurt (Oder) | Archivbibliothek Magazin 12/11/2021   Z2 12/11/2021 12/11/2021 Aufsätze